000 00203nam a2200097Ia 4500
008 170627s9999 xx 000 0 und d
100 _aARORA M.N
245 0 _aCOST ACCUNTING
260 _bVIKAS
260 _c2000
546 _aENGLISH
999 _c35520
_d35520